Harry Potter: le Souvenir du procès de Igor Karkaroff - Statistiques

Statistiques générales
  • Ce quiz a été pris 68 fois
    54 depuis la dernière actualisation
  • Le résultat moyen est 11 sur 19
Statistiques - réponses
Information Réponses % Correct
Propriétaire du souvenir Albus Dumbledore
95%
Personnage présent Albus Dumbledore
95%
Observateur Harry Potter
93%
Personnage présent Barty Croupton Sr
90%
Première apparition Harry Potter et la Coupe de Feu
90%
Dernière apparition Harry Potter et la Coupe de Feu
90%
Lieu du souvenir Ministère de la Magie
76%
Personnage présent Igor Karkaroff
73%
Personnage mentionné Severus Rogue
68%
Personnage présent Alastor Maugrey
66%
Créature présente Détraqueur
49%
Personnage mentionné Lord Voldemort
49%
Personnage mentionné Augustus Rookwood
44%
Personnage mentionné Evan Rosier
34%
Personnage mentionné Antonin Dolohov
27%
Lieu de l'observation Bureau d'Albus Dumbledore
10%
Personnage mentionné Mulciber
10%
Personnage mentionné Travers
5%
Personnage mentionné Les McKinnon
0%
Aucun quiz correspondant
Distribution des résultats
% des personnes avec chaque résultat
Percentile par nombre de réponses
Votre historique - résultats
Vous n’avez pas pris ce quiz depuis la dernière actualisation